Špecifiká bankového controllingu
Koncepcia bankového kontrolingu. Metódy, nástroje a techniky používané v rámci bankového kontrolingu. Objekty riadenia v bankovom kontrolingu. Reporting.
Salvato in:
| Autore principale: | |
|---|---|
| Altri autori: | |
| Natura: | Capitolo di libro |
| Lingua: | slovacco |
| Soggetti: | |
| Tags: |
Nessun Tag, puoi essere il primo ad aggiungerne!!
|
MARC
| LEADER | 00000naa$a2200000$$$4500 | ||
|---|---|---|---|
| 001 | 0070753 | ||
| 005 | 20240502071839.8 | ||
| 041 | 0 | |a slo | |
| 044 | |a SK | ||
| 245 | 1 | 0 | |a Špecifiká bankového controllingu |c Martin Vovk, Martin Šimko |
| 520 | |a Koncepcia bankového kontrolingu. Metódy, nástroje a techniky používané v rámci bankového kontrolingu. Objekty riadenia v bankovom kontrolingu. Reporting. | ||
| 610 | 2 | 0 | |a banky |
| 610 | 2 | 0 | |a riadenie finančné |
| 610 | 2 | 0 | |a kontroling |
| 610 | 2 | 0 | |a reporting |
| 610 | 2 | 0 | |a rentabilita |
| 610 | 2 | 0 | |a likvidita |
| 610 | 2 | 0 | |a riziko likvidity |
| 610 | 2 | 0 | |a účtovníctvo finančné |
| 100 | 1 | |a Vovk, Martin, 1976- | |
| 700 | 1 | |a Šimko, Martin | |